000 00440nam a2200181Ia 4500
001 13542
005 20260306164808.0
008 260306t2000||||xx |||||||||||||| ||spa||
041 _aESP
082 _a004.6
_bS78
100 _aStallings, William
_eAUT
245 0 _aComunicaciones y redes de computadores
260 _c2000
300 _axxiv, 747 páginas :
_c25 cm.
650 _aGEN
654 _aCCC
942 _cLIB
_dJUS
_fJUS
_2ddc
_n
999 _c13542
_d13542